Central Library OPAC University of Rajshahi

Manufacturing materials and processes / (Record no. 12769)

MARC details
000 -LEADER
fixed length control field 00887cam a22002891 4500
001 - CONTROL NUMBER
control field 12769
003 - CONTROL NUMBER IDENTIFIER
rucl marc code BD-RjUL
005 - DATE AND TIME OF LATEST TRANSACTION
control field 20211208235343.0
008 - FIXED-LENGTH DATA ELEMENTS--GENERAL INFORMATION
fixed length control field 140129s1965 ilua b 001 0 eng d
035 ## - SYSTEM CONTROL NUMBER
System control number (BD-RjUL)12819
System control number (OCoLC)254677
040 ## - CATALOGING SOURCE
Original cataloging agency DLC
Transcribing agency OU
Modifying agency OCoLC
-- DLC
-- (BD-RjUL)
Language of cataloging eng
041 ## - LANGUAGE CODE
Language code of text/sound track or separate title eng
082 00 - DEWEY DECIMAL CLASSIFICATION NUMBER
Classification number 670
Author mark and year MOM 1965
100 1# - MAIN ENTRY--PERSONAL NAME
Personal name Moore, Harry D.
9 (RLIN) 39777
245 10 - TITLE STATEMENT
Title Manufacturing materials and processes /
Statement of responsibility, etc. by Harry D. Moore and Donald R. Kibbey.
260 ## - PUBLICATION, DISTRIBUTION, ETC. (IMPRINT)
Place of publication, distribution, etc. Homewood, Ill. :
Name of publisher, distributor, etc. R.D. Irwin,
Date of publication, distribution, etc. 1965.
300 ## - PHYSICAL DESCRIPTION
Pagination x, 570 p. :
Illustrations illus. ;
Size 24 cm.
490 0# - SERIES STATEMENT
Series statement The Irwin series in management
504 ## - BIBLIOGRAPHY, ETC. NOTE
Bibliography, etc Includes Bibliography: p. 560-561 and Index
650 #0 - SUBJECT ADDED ENTRY--TOPICAL TERM
Topical term or geographic name as entry element Materials.
9 (RLIN) 39778
Topical term or geographic name as entry element Metal-work.
9 (RLIN) 39035
700 1# - ADDED ENTRY--PERSONAL NAME
Personal name Kibbey, Donald R.,
Relator term joint author.
942 ## - ADDED ENTRY ELEMENTS (KOHA)
Source of classification or shelving scheme Dewey Decimal Classification
Koha item type Books
Holdings
Lost status Source of classification or shelving scheme Damaged status Not for loan Collection code Permanent Location Current Location Shelving location Date acquired Source of acquisition Cost, normal purchase price Total Checkouts Full call number Date last seen Copy number Koha item type
  Dewey Decimal Classification   Not For Loan Non-fiction Central Library, University of Rajshahi Central Library, University of Rajshahi Reading Room 30/03/1970 Zeithlinger. 88.00   670 MOM 1965 29/01/2014 C-1 Books